000 00869nam a2200229 4500
003 CO-ViMGA
020 _a9788498354713
040 _aCO-ViMGA
_bspa
_cCO-ViMGA
082 0 4 _aR591.4
_bA61a
245 1 0 _aAantomía de los animales domésticos :
_bÓrganos, sistema circulatorio y sistema nervioso.Texto y atlas en color
250 _a2 ed.
260 _aBuenos Aires :
_bEditorial Medica Panamericana
_c2008
300 _ail.; fotografias a color
_b24 cm
500 _aIncluye índice
501 _aTomo I : aparato locomotor.; Tomo II : Órganos, sistema circulatorio y sistema nervioso.
504 _aIncluye bibliografía
650 1 4 _aAnatomía veterinaria
_vSistema circulatorio
_95297
650 1 4 _aAnatomía
_vAparato locomotor
_95298
700 1 _aMunich, Hans-Georg Liebich
_edir.
_95300
700 1 _aViena, Horst Erich König
_edir.
_95299
942 _cREF
999 _c35947
_d35947